| 000 | 00825nam a2200241 ar4500 | ||
|---|---|---|---|
| 001 | 3152 | ||
| 005 | 20221127090707.0 | ||
| 008 | 130320s xxua 00010 eng d | ||
| 020 |
_a9780764144363(pbk) : _cSR120.00 |
||
| 082 | 0 | 4 |
_a378.1662 _bG826 2010 |
| 100 | 1 | _aGreen, Sharon Weiner. | |
| 245 | 1 | 0 |
_aBarron's SAT / _cSharon Green, Ira Wolf. |
| 246 | 1 | _aBarron's Scholastic Aptitude Test. | |
| 250 | _a25th ed. | ||
| 260 |
_aHauppauge, NY : _bBarrons, _c2010. |
||
| 300 |
_axiv, 920 p. : _bill. ; _c28 cm. _e1CD |
||
| 500 | _aPrev. ed.: 2008. | ||
| 500 | _aPrev. ed. of: How to prepare for the SAT. | ||
| 650 | 4 |
_aSAT(Educational test) _vStudy guides. |
|
| 650 | 4 |
_aUniversities and colleges _xEntrance examinations. |
|
| 650 | 4 |
_aUniversities and colleges _zUnited States _xStandards. |
|
| 700 | 0 |
_aWolf, Ira K., _ejt. auth. |
|
| 999 |
_c3150 _d3150 |
||